000 01049nam a2200229Ia 4500
999 _c39957
_d39957
001 6563
003 GE_BSU
005 20191018102720.0
008 181216s1960||||ge |||||||||||||| ||geo||
040 _cGE_BSU
041 _ageo
080 _a821.353.1.2 ბ-57
100 _aბერძენიშვილი, გრიგოლ
_94808
245 _aდაჭრილი არწივი :
_b პიესები ხალხური დრამა 4 მოქმ. 11 სურათად /
_cგრიგოლ ბერძენიშვილი ; რედ. გრ. ჩიქოვანი ; მხატვ. დ. დუნდუა.
264 _aთბილისი :
_bსაბჭ.მწერალი ;
_c1960.
300 _a235 გვ. ;
_c20 სმ.
653 _aდაჭრილი არწივი
653 _aპიესები
700 _aჩიქოვანი, გრ.
_eრედაქტორი
_93717
700 _aდუნდუა, დ.
_eმხატვარი
_94812
942 _cBK
_2udc